|
|
|
|
| LEADER |
00000cam a2200000 7i4500 |
| 001 |
0000073213 |
| 005 |
20110919093000.0 |
| 008 |
110525s2011 flu eng |
| 020 |
|
|
|a 157808685X(hardcover : alk. paper)
|
| 020 |
|
|
|a 9781578086856(hardcover : alk. paper)
|
| 050 |
0 |
0 |
|a QL639.2
|b .P36 2011
|
| 090 |
0 |
0 |
|a QL639.2
|b .P36 2011
|
| 100 |
1 |
|
|a Pandian. T. J. ,
|e author
|
| 245 |
1 |
0 |
|a Sexuality in fishes
|c T. J. Pandian
|
| 260 |
|
|
|a Boca Raton, Florida :
|b CRC Press ;
|a Enfield, New Hampshire :
|b Science Publishers ,
|c c2011
|
| 300 |
|
|
|a x, 208 p. :
|b ill. ;
|c 24 cm.
|
| 504 |
|
|
|a Includes bibliographical references (p. [159]-189) and index
|
| 505 |
0 |
|
|a 1. Introduction -- 2. Sexual pattern -- 3. Gonochorism 4. Intersexuality -- 5. Unisexualism -- 6. Simultaneous hermaphroditism -- 7. Sequential hermaphroditism -- 8. Protogynous hermaphroditism -- 9. Protandrous hermaphroditism -- 10. Serial hermaphroditism -- 1. Mating systems
|
| 520 |
|
|
|a The unprecedented level of diversity recorded among the clones of self-fertilizing gynogenetic unisexuals and self-fertilizing simultaneous hermaphrodites challenges current ideas on the predominant role of recombination in promoting evolution of biological diversity. This book offers a synthesis of relevant information on sexuality of fishes
|
| 650 |
|
0 |
|a Fishes
|x Anatomy
|
| 650 |
|
0 |
|a Fishes
|x Reproduction
|
| 650 |
|
0 |
|a Fishes
|x Sexual behavior
|
| 650 |
|
0 |
|a Generative organs
|
| 999 |
|
|
|a 1000140429
|b Book
|c OPEN SHELF (30 DAYS)
|e Tembila Campus
|